000 00786nam a2200217Ia 4500
003 GCL
008 140319s9999 xx 000 0 ara d
020 _a7089277977
040 _aGCL /
_cGCL
082 0 4 _a327.114
_bع س
100 1 _aعبدالملك عوده
245 1 0 _aالسياسة المصرية ومياه النيل فى القرن العشرين /
_cعبدالملك عوده
250 _aالاولى
260 _aالقاهرة :
_bمركز الدراسات السياسية والاستراتيجية - الأهرام ،
_c1999
300 _a111 ص ؛
_c24 سم
650 0 4 _aالقانون الدولى
650 0 4 _aالحدود السياسية
650 0 4 _aالحدود الجغرافية
650 0 4 _aالمياه الاقليمية
942 _2ddc
_cBK
999 _c6271
_d6271